Statistics for All American Airlines Destinations

Click here to take the quiz!

General Stats

  • This quiz has been taken 94 times
  • The average score is 118 of 187

Answer Stats

Country Airport % Correct
JapanTokyo-Haneda
95%
JapanTokyo-Narita
95%
CanadaVancouver
94%
UKLondon-Heathrow
94%
CanadaToronto
94%
USA-DCWashington Dulles
92%
USA-DCWashington Reagan
92%
SpainMadrid
92%
USA-TXDallas Fort-Worth
92%
USA-NYNew York LaGuardia
92%
FranceParis CDG
92%
USA-FLMiami
92%
USA-NYNew York J.F.K
92%
BrazilSao Paulo
92%
BrazilRio de Janeiro
92%
MexicoMexico City
92%
Hong KongHong Kong
92%
IrelandDublin
91%
USA-CALos Angeles
91%
USA-TXHouston Bush
91%
ItalyRome
91%
AustraliaSydney
91%
USA-CODenver
91%
South KoreaSeoul
89%
USA-CASan Francisco
89%
GermanyMunich
89%
ColombiaBogota
89%
Costa RicaSan Jose
88%
USA-WASeattle
88%
ItalyMilan-Malpensa
86%
USA-GAAtlanta Hartsfield-Jackson
86%
USA-ILChicago O'Hare
86%
ChinaBeijing
86%
USA-CASan Diego
86%
USA-FLOrlando
86%
PanamaPanama City
86%
USA-AZPhoenix
86%
PortugalLisbon
86%
GermanyFrankfurt
86%
NetherlandsAmsterdam
86%
USA-MEPortland
85%
ArgentinaBuenos Aires
85%
CubaHavana
85%
CanadaMontreal
85%
SpainBarcelona
85%
ChinaShanghai
83%
USA-NJNewark
83%
UKManchester
83%
USA-PAPhiladelphia
83%
Dominican RepublicSantiago de Los Caballeros
83%
USA-MABoston
83%
PeruLima
83%
USA-NVLas Vegas McCarran
83%
ChileSantiago
83%
SwitzerlandZurich
82%
BahamasNassau
82%
USA-MO/KSKansas City
82%
USA-MIDetroit Wayne
82%
USA-LANew Orleans
80%
Saint-Vincent-and-the-GrenadinesKingstown
80%
USA-FLTampa
80%
MexicoCancun
80%
JamaicaKingston
80%
USA-NCCharlotte
80%
USA-TXAustin
80%
USA-CASacramento
78%
USA-UTSalt Lake City
77%
USA-INIndianapolis
75%
USA-HAHonolulu
75%
USA-MNMinneapolis
75%
EcuadorQuito
74%
USA-TNNashville
74%
USA-WYJackson
74%
BrazilBrasilia
74%
GuatemalaGuatemala City
74%
El SalvadorSan Salvador
74%
USA-OKOklahoma City
74%
HaitiPort-au-Prince
72%
USA-OHColumbus
72%
USA-PAPittsburgh
72%
UKEdinburgh
72%
USA-TXSan Antonio
71%
USA-MDBaltimore
71%
USA-TNMemphis
71%
USA-NMAlbuquerque
71%
USA-FLFort Lauderdale
71%
USA-MOSt-Louis
69%
USA-KY/OHCincinnati
69%
USA-FLJacksonville
69%
USA-CAOakland
68%
USA-OHCleveland
68%
MexicoGuadalajara
66%
USA-NCRaleigh
66%
HondurasTegucigalpa
66%
USA-KYLouisville
65%
USA-NVReno
65%
USA-NYBuffalo
65%
UruguayMontevideo
65%
ColombiaCali
65%
JamaicaMontego Bay
65%
USA-IDBoise
63%
USA-NYAlbany
63%
USA-PRSan Juan
63%
Dominican RepublicPunta Cana
63%
USA-TXEl Paso
63%
USA-AZTucson
63%
ColombiaMedellin
62%
Dominican RepublicSanto Domingo
62%
GuyanaGeorgetown
62%
USA-COColorado Springs
62%
USA-IADes Moines
60%
BelizeBelize City
60%
USA-WIMilwaukee
60%
NicaraguaManagua
60%
USA-RIProvidence
60%
USA-SCCharleston
60%
BarbadosBridgetown
58%
Netherlands-Overseas TerritoryWillemstad
58%
USA-VARichmond
57%
Netherlands-Overseas TerritoryOranjestad
57%
Trinidad-and-TobagoPort of Spain
57%
USA-NEOmaha
55%
USA-GASavannah
55%
USA-SCColumbia
55%
USA-CAFresno
54%
USA-OKTulsa
52%
USA-WASpokane
52%
ColombiaCartagena
51%
USA-NYSyracuse
49%
Netherlands/FranceSint Maarten
49%
USA-NCGreensboro
48%
USA-KSWichita
48%
USA-NYRochester
48%
USA-FLFort Myers
48%
USA-PAHarrisburg
45%
BrazilManaus
42%
USA-CAPalm Springs
42%
Antigua-and-BarbudaAntigua
42%
MexicoSan Jose del Cabo
42%
USA-CABurbank
40%
Netherlands-Overseas TerritoryBonaire
40%
EcuadorGuayaquil
40%
MexicoPuerto Vallarta
38%
USA-VANorfolk
38%
USA-CAOrange County
38%
USA-SCMyrtle Beach
38%
USA-FLWest Palm Beach
37%
USA-MIGrand Rapids
37%
USA-HALihue
37%
GrenadaPoint Salines
37%
France-Overseas TerritoryFort-de-France
35%
USA-VISt Thomas
34%
CubaVaradero
34%
HondurasSan Pedro Sula
34%
Saint-Kitts-and-NevisBasseterre
34%
Costa RicaLiberia
32%
USA-FLPensacola
31%
USA-HAKahului
31%
Dominican RepublicPuerto Plata
31%
BoliviaSanta Cruz
29%
ColombiaBarranquilla
29%
USA-CAOntario
29%
USA-FLSarasota
28%
USA-VISt Croix
28%
USA-NCWilmington
28%
CubaHolguin
26%
UK-Overseas TerritoryBermuda
26%
USA-CASanta Barbara
26%
MexicoCozumel
25%
HondurasRoatan
23%
CubaSanta Clara
23%
HaitiCap-Haitien
22%
CubaCamaguey
22%
UK-Turks and CaicosProvidenciales
22%
USA-TXMidland
20%
USA-SCGreenville Spartanburg
20%
USA-ARBentonville
18%
USA-HAKailua-Kona
18%
USA-FLDestin Fort Walton Beach
15%
ColombiaPereira
14%
Saint LuciaVieux Fort
14%
USA-CTWindsor Locks
11%
MexicoZihuatanejo
9%
USA-MSOlive Branch
3%

Score Distribution

Percentile by Number Answered

Percent of People with Each Score

Your Score History

You have not taken this quiz